000 00241 a2200097 4500
000 nam a22 7a 4500
005 20260210153826.0
100 _aFreud, Sigmund
_91114875
245 _aThe Psychopathology of Everyday Life
942 _cTEXL
999 _c1679117
_d1679117